<?xml version="1.0" encoding="UTF-8"?><?xml-stylesheet type="text/xsl" href="static/style.xsl"?><OAI-PMH xmlns="http://www.openarchives.org/OAI/2.0/" xmlns:xsi="http://www.w3.org/2001/XMLSchema-instance" xsi:schemaLocation="http://www.openarchives.org/OAI/2.0/ http://www.openarchives.org/OAI/2.0/OAI-PMH.xsd"><responseDate>2026-05-11T22:02:38Z</responseDate><request verb="GetRecord" identifier="oai:riubu.ubu.es:10259/5129" metadataPrefix="marc">https://riubu.ubu.es/oai/request</request><GetRecord><record><header><identifier>oai:riubu.ubu.es:10259/5129</identifier><datestamp>2022-04-26T11:42:13Z</datestamp><setSpec>com_10259_2699</setSpec><setSpec>col_10259_2723</setSpec></header><metadata><record xmlns="http://www.loc.gov/MARC21/slim" xmlns:doc="http://www.lyncode.com/xoai" xmlns:xsi="http://www.w3.org/2001/XMLSchema-instance" xmlns:dcterms="http://purl.org/dc/terms/" xsi:schemaLocation="http://www.loc.gov/MARC21/slim http://www.loc.gov/standards/marcxml/schema/MARC21slim.xsd">
<leader>00925njm 22002777a 4500</leader>
<datafield tag="042" ind1=" " ind2=" ">
<subfield code="a">dc</subfield>
</datafield>
<datafield tag="720" ind1=" " ind2=" ">
<subfield code="a">Santos González, Pedro</subfield>
<subfield code="e">author</subfield>
</datafield>
<datafield tag="260" ind1=" " ind2=" ">
<subfield code="c">2015</subfield>
</datafield>
<datafield tag="520" ind1=" " ind2=" ">
<subfield code="a">En este trabajo se emplean técnicas de Minería de Datos para mejorar la eficiencia de dos procesos industriales: el diagnóstico de fallos en aerogeneradores y la fabricación de piezas metálicas de geometría compleja mediante tecnologías láser. Se mejora la validación experimental de estudios anteriores, en los que no se usó validación cruzada ni se tuvieron en cuenta algunas particularidades de los problemas analizados.&#xd;
	Para el diagnóstico de fallos en aerogeneradores, se identifica la técnica de clasificación más adecuada para relacionar medidas de vibraciones con el tipo de fallo. Además, se define la métrica más adecuada para evaluar su precisión. &#xd;
	Para la fabricación de piezas metálicas de geometría compleja, se estima la técnica de clasificación más adecuada para predecir la calidad superficial obtenida con pulido superficial láser, así como la técnica de regresión para predecir los errores en los distintos requerimientos geométricos de piezas obtenidas mediante microfresado 3D láser.</subfield>
</datafield>
<datafield tag="024" ind2=" " ind1="8">
<subfield code="a">http://hdl.handle.net/10259/5129</subfield>
</datafield>
<datafield tag="024" ind2=" " ind1="8">
<subfield code="a">10.36443/10259/5129</subfield>
</datafield>
<datafield ind1=" " ind2=" " tag="653">
<subfield code="a">minería de Datos</subfield>
</datafield>
<datafield ind1=" " ind2=" " tag="653">
<subfield code="a">optimización de procesos</subfield>
</datafield>
<datafield ind1=" " ind2=" " tag="653">
<subfield code="a">diagnóstico de fallos en aerogeneradores</subfield>
</datafield>
<datafield ind1=" " ind2=" " tag="653">
<subfield code="a">fabricación láser</subfield>
</datafield>
<datafield ind1=" " ind2=" " tag="653">
<subfield code="a">clasificación desequilibrada multiclase</subfield>
</datafield>
<datafield ind1=" " ind2=" " tag="653">
<subfield code="a">data mining</subfield>
</datafield>
<datafield ind1=" " ind2=" " tag="653">
<subfield code="a">process optimization</subfield>
</datafield>
<datafield ind1=" " ind2=" " tag="653">
<subfield code="a">wind turbines fault diagnosis</subfield>
</datafield>
<datafield ind1=" " ind2=" " tag="653">
<subfield code="a">laser manufacturing</subfield>
</datafield>
<datafield ind1=" " ind2=" " tag="653">
<subfield code="a">multi-class imbalance classification</subfield>
</datafield>
<datafield tag="245" ind1="0" ind2="0">
<subfield code="a">Optimización de procesos industriales con técnicas de Minería de Datos: mantenimiento de aerogeneradores y fabricación con tecnologías láser</subfield>
</datafield>
</record></metadata></record></GetRecord></OAI-PMH>